[Event "Amager-ch"]
[Site "Amager"]
[Date "2009.10.06"]
[Round "5"]
[White "Nielsen, Bjorn1111"]
[Black "Sorensen, Rikke"]
[Result "0-1"]
[WhiteElo "1000"]
[BlackElo "1300"]
[PlyCount "134"]
[EventDate "2009.09.01"]
[EventType "swiss"]
[EventRounds "7"]
[EventCountry "DEN"]
[SourceTitle "EXT 2023"]
[Source "ChessBase"]
[SourceDate "2022.10.05"]
[SourceVersion "1"]
[SourceVersionDate "2022.10.05"]
[SourceQuality "1"]

1. e4 e5 2. Nf3 Nc6 3. Nc3 Nf6 4. Bc4 Bb4 5. 0-0 d6 6. a3 Bxc3 7. dxc3 Nxe4 8. Re1 Nf6 9. Nd4 Bd7 10. Nxc6 Bxc6 11. f3 Qd7 12. Bg5 0-0-0 13. Bxf6 gxf6 14. Bd3 h5 15. h3 f5 16. Qd2 Rde8 17. Qf2 b6 18. Ba6+ Kb8 19. a4 Bxa4 20. b3 Bc6 21. Be2 e4 22. fxe4 fxe4 23. Qe3 f5 24. Qf4 e3 25. Ra3 Qe6 26. Bf3 Bxf3 27. Qxf3 Qe5 28. Qe2 Rhg8 29. Ra4 Qd5 30. Rd4 Qb7 31. Rf1 Ref8 32. Rff4 Rg5 33. c4 Rfg8 34. Rd5 R8g6 35. Rfxf5 Rxf5 36. Rxf5 Qe4 37. Rf3 Re6 38. Rf8+ Re8 39. Rf3 h4 40. Kf1 Kb7 41. Ke1 c6 42. Qd3 d5 43. cxd5 cxd5 44. Qxe4 Rxe4 45. c3 a5 46. Ke2 b5 47. Rxe3 Rxe3+ 48. Kxe3 a4 49. Kd2 Kb6 50. b4 Kc6 51. Kd3 Kd6 52. Kc2 Ke5 53. Kd3 Kd6 54. Kc2 Ke5 55. Kd3 Ke6 56. Kc2 Kf5 57. Kd3 Ke5 58. Kc2 Ke4 59. Kd2 d4 60. c4 bxc4 61. b5 Kd5 62. b6 Kc6 63. b7 Kxb7 64. g3 hxg3 65. h4 g2 66. h5 g1Q 67. h6 Qe3+ 0-1